[Event "LXIII C.to Italiano"]
[Site "Arvier ITA"]
[Date "2003.11.25"]
[Round "1"]
[White "Braschi, Giancarlo"]
[Black "Aldrovandi, Costantino"]
[Result "0-1"]
[WhiteElo "2138"]
[BlackElo "2414"]
[PlyCount "160"]
[EventDate "2003.11.25"]

1. d4 Nf6 2. c4 g6 3. Nc3 Bg7 4. e4 d6 5. Be2 O-O 6. Bg5 h6 7. Be3 e5 8. d5 Kh7
9. h4 h5 10. f3 Bh6 11. Bxh6 Kxh6 12. g4 Kg7 13. Nh3 c6 14. Nf2 cxd5 15. cxd5
Nbd7 16. Qd2 Qb6 17. g5 Nh7 18. Nd3 Nc5 19. Nxc5 Qxc5 20. f4 Bd7 21. f5 b5 22.
f6+ Kg8 23. Nd1 Rac8 24. Ne3 Rc7 25. Bd3 Rfc8 26. Ke2 Nf8 27. Rhg1 a6 28. Rab1
Bh3 29. Rg3 Bd7 30. Rgg1 Be8 31. Rh1 Nd7 32. Ra1 Qd4 33. b4 Rc3 34. a3 Nf8 35.
Nc2 Qa7 36. Rhc1 Qc7 37. Kd1 Qd7 38. Ne3 Rxc1+ 39. Rxc1 Ra8 40. Bf1 Qa7 41. Bh3
Bd7 42. Bg2 Qb6 43. Rb1 Qd8 44. Qb2 Ra7 45. Bf3 Qa8 46. Ra1 a5 47. Nc2 Qd8 48.
Ne3 Qb6 49. Kd2 Ra6 50. Ke2 Qa7 51. Nc2 Qc7 52. Ne3 Ra8 53. Bg2 Qb6 54. Bf3
axb4 55. axb4 Ra4 56. Rc1 Qa7 57. Nc2 Bh3 58. Rh1 Bc8 59. Qc3 Bd7 60. Rc1 Qb7
61. Na1 Ra2+ 62. Rc2 Ra8 63. Nb3 Ra3 64. Rb2 Qa7 65. Qe1 Qa4 66. Na5 Ra1 67.
Qd2 Bg4 68. Bxg4 hxg4 69. Qc2 g3 70. Qxa4 bxa4 71. Kf3 a3 72. Rg2 Rb1 73. Ra2
Rxb4 74. Rxa3 g2 75. Ra1 Ra4 76. Rg1 Rxa5 77. Rxg2 Ra3+ 78. Ke2 Rh3 79. Rg4 Nd7
80. Kf2 Nc5 0-1

[Event "LXIII C.to Italiano"]
[Site "Arvier ITA"]
[Date "2003.11.25"]
[Round "1"]
[White "Di Paolo, Raffaele"]
[Black "Cocozza, Mario"]
[Result "1/2-1/2"]
[WhiteElo "2325"]
[BlackElo "2356"]
[PlyCount "40"]
[EventDate "2003.11.25"]

1. e4 c6 2. d4 d5 3. e5 Bf5 4. Nf3 e6 5. Be2 c5 6. O-O Nc6 7. c4 dxc4 8. Bxc4
cxd4 9. Qb3 a6 10. Bg5 Qd7 11. Qb6 h6 12. Bd2 Nge7 13. Na3 Ng6 14. Rac1 Be7 15.
Rfe1 Bg4 16. Be2 O-O 17. Nc4 Bd8 18. Qc5 Be7 19. Qb6 Bd8 20. Qc5 Be7 1/2-1/2

[Event "LXIII C.to Italiano"]
[Site "Arvier ITA"]
[Date "2003.11.26"]
[Round "2"]
[White "Aldrovandi, Costantino"]
[Black "Mola, Pietro"]
[Result "1/2-1/2"]
[WhiteElo "2414"]
[BlackElo "2317"]
[PlyCount "168"]
[EventDate "2003.11.25"]

1. c4 e5 2. g3 Nf6 3. Bg2 c6 4. d4 exd4 5. Qxd4 d5 6. cxd5 cxd5 7. Nf3 Nc6 8.
Qa4 Bc5 9. O-O O-O 10. Bg5 Re8 11. Nc3 d4 12. Rad1 h6 13. Qc4 Bb6 14. Bxf6 Qxf6
15. Nd5 Qe6 16. Nxb6 axb6 17. Qxe6 Bxe6 18. Nxd4 Nxd4 19. Rxd4 Rxa2 20. Rb4 b5
21. Rd1 Bc4 22. e3 b6 23. Bd5 Re5 24. Bxc4 bxc4 25. Rxb6 c3 26. bxc3 Rf5 27.
Rf1 Rc5 28. Rb3 Rc2 29. Kg2 h5 30. h3 g6 31. g4 hxg4 32. hxg4 R5xc3 33. Rxc3
Rxc3 34. g5 Rc5 35. f4 Rc3 36. Kf3 Ra3 37. Rd1 Kf8 38. Rd7 Ke8 39. Rc7 Ra4 40.
Ke2 Ra3 41. Kd2 Rb3 42. Rc3 Rb2+ 43. Kd3 Ke7 44. Kd4 Ra2 45. Rc5 Kd6 46. Rc4
Ra7 47. Rb4 Rd7 48. Rb6+ Ke7+ 49. Ke5 Ra7 50. Rb5 Kf8 51. Kd6 Ra6+ 52. Kd5 Ra7
53. e4 Rd7+ 54. Ke5 Re7+ 55. Kd4 Ra7 56. Kc5 Rd7 57. Rb6 Rd1 58. Rf6 Ke7 59.
Kc4 Rd2 60. Kc3 Rd1 61. Kc2 Rd4 62. e5 Re4 63. Kd3 Re1 64. Ra6 Rf1 65. Ke3 Re1+
66. Kf2 Re4 67. Rf6 Ke8 68. Kg3 Ke7 69. Rd6 Re1 70. Rb6 Re2 71. Rb7+ Ke6 72.
Kf3 Re1 73. Rb6+ Ke7 74. Ra6 Kd7 75. Ra8 Ke7 76. Rh8 Ke6 77. Rh7 Rf1+ 78. Ke4
Re1+ 79. Kd4 Rd1+ 80. Ke3 Re1+ 81. Kf2 Re4 82. Kg3 Re3+ 83. Kg4 Re1 84. Kg3
Re3+ 1/2-1/2

[Event "LXIII C.to Italiano"]
[Site "Arvier ITA"]
[Date "2003.11.26"]
[Round "2"]
[White "Cacco, Christian"]
[Black "Castaldo, Folco"]
[Result "1/2-1/2"]
[WhiteElo "2340"]
[BlackElo "2336"]
[PlyCount "44"]
[EventDate "2003.11.25"]

1. d4 d5 2. Nf3 Nf6 3. c4 c6 4. Qc2 dxc4 5. Qxc4 Bf5 6. e3 e6 7. Be2 Nbd7 8.
O-O Be7 9. Bd2 O-O 10. Bb4 Bxb4 11. Qxb4 Qb6 12. Qxb6 axb6 13. Nbd2 h6 14. Rfc1
Ra7 15. Bc4 Rfa8 16. Re1 Ne4 17. Bb3 b5 18. Rad1 Nb6 19. Ne5 Nxd2 20. Rxd2 Be4
21. f3 Bd5 22. e4 Bxb3 1/2-1/2

[Event "LXIII C.to Italiano"]
[Site "Arvier ITA"]
[Date "2003.11.26"]
[Round "2"]
[White "Contin, Daniel"]
[Black "Sarno, Spartaco"]
[Result "0-1"]
[WhiteElo "2377"]
[BlackElo "2404"]
[PlyCount "84"]
[EventDate "2003.11.25"]

1. e4 d6 2. d4 Nf6 3. Nc3 g6 4. Nf3 Bg7 5. Be2 O-O 6. O-O c6 7. a4 a5 8. Bf4
Na6 9. Qd2 Nb4 10. Bh6 e5 11. Rad1 Qc7 12. Bxg7 Kxg7 13. Ne1 Be6 14. f4 exf4
15. Qxf4 Qe7 16. g4 Rae8 17. Bf3 Bc4 18. Rf2 Nd7 19. b3 Ba6 20. Ng2 c5 21. dxc5
dxc5 22. Nd5 Nxd5 23. exd5 Qe5 24. Qd2 b6 25. d6 c4 26. Bc6 Rd8 27. bxc4 Bxc4
28. Re1 Qc5 29. Bxd7 Rxd7 30. Ne3 Be6 31. Nf5+ Bxf5 32. gxf5 Rxd6 33. Qf4 Rf6
34. Re5 Qd6 35. Rd2 Qc7 36. Qd4 Rd8 37. Qxd8 Qxe5 38. Rd5 Qe3+ 39. Kg2 Qg5+ 40.
Kh1 Qc1+ 41. Rd1 Qxc2 42. fxg6 Qe4+ 0-1

[Event "LXIII C.to Italiano"]
[Site "Arvier ITA"]
[Date "2003.11.26"]
[Round "2"]
[White "Cocozza, Mario"]
[Black "Braschi, Giancarlo"]
[Result "0-1"]
[WhiteElo "2356"]
[BlackElo "2138"]
[PlyCount "74"]
[EventDate "2003.11.25"]

1. e4 c5 2. Nf3 Nc6 3. Bb5 g6 4. Bxc6 dxc6 5. d3 Bg7 6. h3 e5 7. O-O f6 8. Be3
b6 9. Nbd2 Nh6 10. a3 Nf7 11. b4 f5 12. exf5 gxf5 13. Re1 O-O 14. Nf1 f4 15.
Bd2 c4 16. dxc4 Bf5 17. Bc3 Qxd1 18. Raxd1 Bxc2 19. Rc1 Bd3 20. Nxe5 Nxe5 21.
Bxe5 Bxe5 22. Rxe5 Rae8 23. Rxe8 Rxe8 24. Rc3 Be2 25. Nd2 Rd8 26. Nb3 Kf7 27.
Nc1 Rd1+ 28. Kh2 Rd2 29. c5 bxc5 30. Rxc5 Bb5 31. Rf5+ Ke7 32. Rxf4 Rc2 33. Nb3
Ra2 34. Rh4 Rxf2 35. Rxh7+ Kf6 36. Nc5 Ra2 37. Rxa7 Bf1 0-1

[Event "LXIII C.to Italiano"]
[Site "Arvier ITA"]
[Date "2003.11.26"]
[Round "2"]
[White "Rossi, Carlo"]
[Black "Di Paolo, Raffaele"]
[Result "1/2-1/2"]
[WhiteElo "2355"]
[BlackElo "2325"]
[PlyCount "50"]
[EventDate "2003.11.25"]

1. Nf3 d6 2. e4 Nf6 3. c3 Nbd7 4. Bd3 e5 5. Bc2 g6 6. d4 Bg7 7. O-O O-O 8. Re1
b6 9. Nbd2 Bb7 10. Nf1 Re8 11. d5 Nh5 12. Bg5 Bf6 13. Bd2 a6 14. Ne3 Bg7 15.
Ng4 Rf8 16. Bg5 Ndf6 17. Qd2 Qd7 18. Nh6+ Kh8 19. h3 Ng8 20. Rad1 f6 21. Be3
Nxh6 22. Bxh6 Bxh6 23. Qxh6 Nf4 24. Re3 Qg7 25. Qxg7+ Kxg7 1/2-1/2

[Event "LXIII C.to Italiano"]
[Site "Arvier ITA"]
[Date "2003.11.27"]
[Round "3"]
[White "Braschi, Giancarlo"]
[Black "Rossi, Carlo"]
[Result "0-1"]
[WhiteElo "2138"]
[BlackElo "2355"]
[PlyCount "80"]
[EventDate "2003.11.25"]

1. d4 Nf6 2. Nf3 c5 3. d5 d6 4. c4 e5 5. Nc3 Be7 6. e4 Nbd7 7. g3 O-O 8. Bg2 a6
9. a4 Rb8 10. O-O Ne8 11. Ne1 Bf6 12. Kh1 g6 13. Qe2 Ng7 14. f4 exf4 15. gxf4
Re8 16. Qf2 Bd4 17. Be3 Bxc3 18. bxc3 Nf6 19. e5 Ng4 20. Qd2 Nf5 21. Bf2 dxe5
22. fxe5 b6 23. Rb1 Rb7 24. Nd3 Nxe5 25. Nxe5 Rxe5 26. a5 Qd6 27. Qf4 f6 28.
Qc1 b5 29. cxb5 axb5 30. a6 Qxa6 31. Bxc5 Rc7 32. Ra1 Qb7 33. d6 Rcxc5 34. Bxb7
Bxb7+ 35. Kg1 Ne3 36. h4 Rc4 37. d7 Rg4+ 38. Kf2 Rg2+ 39. Ke1 Nc2+ 40. Kd1 Bf3+
0-1

[Event "LXIII C.to Italiano"]
[Site "Arvier ITA"]
[Date "2003.11.27"]
[Round "3"]
[White "Di Paolo, Raffaele"]
[Black "Cacco, Christian"]
[Result "0-1"]
[WhiteElo "2325"]
[BlackElo "2340"]
[PlyCount "56"]
[EventDate "2003.11.25"]

1. e4 g6 2. d4 Bg7 3. Nf3 c5 4. d5 e6 5. c4 exd5 6. cxd5 d6 7. Nc3 a6 8. a4 Nd7
9. Bf4 Qe7 10. Bd3 Ngf6 11. O-O O-O 12. h3 Ne8 13. Re1 b6 14. Qe2 Ne5 15. Nxe5
Bxe5 16. Bh6 Ng7 17. Qd2 Re8 18. Rab1 Bd7 19. Bg5 Qf8 20. Ne2 f5 21. f4 Bf6 22.
Bxf6 Qxf6 23. Qc3 Kf7 24. Qxf6+ Kxf6 25. Nc3 Nh5 26. exf5 Bxf5 27. Rxe8 Rxe8
28. Bxa6 Bxb1 0-1

[Event "LXIII C.to Italiano"]
[Site "Arvier ITA"]
[Date "2003.11.27"]
[Round "3"]
[White "Mola, Pietro"]
[Black "Cocozza, Mario"]
[Result "1-0"]
[WhiteElo "2317"]
[BlackElo "2356"]
[PlyCount "75"]
[EventDate "2003.11.25"]

1. e4 c6 2. c4 d5 3. exd5 cxd5 4. cxd5 Nf6 5. Nc3 Nxd5 6. Nf3 Nxc3 7. bxc3 e6
8. d4 Be7 9. Bd3 O-O 10. O-O Nd7 11. Re1 Qc7 12. c4 Rd8 13. Qe2 g6 14. h4 Nf6
15. Bg5 Nh5 16. Bxe7 Qxe7 17. Rad1 Bd7 18. Qe3 Qf6 19. Be4 Rac8 20. Qb3 b6 21.
Re3 Bc6 22. d5 exd5 23. cxd5 Bb7 24. Ng5 Rc7 25. Rf3 Qd6 26. Rfd3 h6 27. Ne6
Ba6 28. Nxd8 Bxd3 29. Qxd3 Qxd8 30. d6 Rc5 31. g3 Nf6 32. Bf3 Nd7 33. Qd4 h5
34. Bg2 Qf8 35. Qa4 Qd8 36. Qxa7 Ne5 37. Qe7 Qb8 38. d7 1-0

[Event "LXIII C.to Italiano"]
[Site "Arvier ITA"]
[Date "2003.11.27"]
[Round "3"]
[White "Sarno, Spartaco"]
[Black "Aldrovandi, Costantino"]
[Result "1-0"]
[WhiteElo "2404"]
[BlackElo "2414"]
[PlyCount "181"]
[EventDate "2003.11.25"]

1. c4 g6 2. Nc3 Bg7 3. g3 Nf6 4. Bg2 O-O 5. Nf3 d6 6. O-O c6 7. Rb1 Bf5 8. d3
Qc8 9. Re1 Bh3 10. Bh1 Rd8 11. Bd2 h6 12. b4 Kh7 13. b5 c5 14. Qc2 Nbd7 15. a4
Rb8 16. e4 e5 17. Bg2 Nf8 18. Nd5 Nxd5 19. cxd5 Re8 20. Bc3 Re7 21. Nd2 Bxg2
22. Kxg2 Qd7 23. Nc4 f6 24. Rf1 Kg8 25. f3 Rbe8 26. Kh1 f5 27. Qg2 Nh7 28. Bd2
Bf8 29. Rf2 Nf6 30. Rg1 Nh7 31. Qh3 Nf6 32. Qf1 Kh7 33. g4 f4 34. Rfg2 Rg7 35.
Be1 Be7 36. g5 Ng8 37. Bh4 h5 38. Rb2 Rf7 39. Bf2 Bf8 40. h4 Ra8 41. Kh2 Ne7
42. Qh3 Nc8 43. a5 Qe8 44. Rgb1 Rg7 45. Be1 Rf7 46. Bc3 Rg7 47. Rb3 Re7 48. Qg2
Kg8 49. Qa2 Kh7 50. Ra1 Qd8 51. Qb2 Qe8 52. b6 a6 53. Qa2 Qd8 54. Qa4 Bg7 55.
Rb2 Kg8 56. Rc2 Bf8 57. Be1 Qd7 58. Qxd7 Rxd7 59. Bf2 Bg7 60. Rac1 Kf7 61. Kg2
Ke8 62. Kf1 Kd8 63. Ke2 Rb8 64. Nb2 Bf8 65. Kf1 Ra8 66. Kg2 Rb8 67. Be1 Ra8 68.
Bd2 Ne7 69. Nd1 Rb8 70. Kf1 Ra8 71. Ke2 Rb8 72. Nf2 Ra8 73. Nh3 Ke8 74. d4 cxd4
75. Bxf4 exf4 76. Nxf4 Rdd8 77. Ne6 Rdc8 78. Nc7+ Rxc7 79. Rxc7 Rb8 80. Kd3 Bg7
81. f4 Kd8 82. R1c4 Bh8 83. Rc2 Bg7 84. f5 gxf5 85. exf5 Be5 86. Ke4 d3 87. Rd2
Bg3 88. Rxd3 Bxh4 89. f6 Ng6 90. Kf5 Ne5 91. Rh3 1-0

[Event "LXIII C.to Italiano"]
[Site "Arvier ITA"]
[Date "2003.11.28"]
[Round "4"]
[White "Cacco, Christian"]
[Black "Contin, Daniel"]
[Result "1/2-1/2"]
[WhiteElo "2340"]
[BlackElo "2377"]
[PlyCount "138"]
[EventDate "2003.11.25"]

1. d4 Nf6 2. Nf3 g6 3. g3 c5 4. c4 Bg7 5. Bg2 Qa5+ 6. Qd2 Qxd2+ 7. Nbxd2 cxd4
8. Nxd4 Nc6 9. Nc2 d6 10. b3 Bf5 11. e4 Bd7 12. Bb2 O-O 13. O-O Rfc8 14. Rfd1
a6 15. Nf1 Bg4 16. f3 Be6 17. Nfe3 b5 18. Bf1 Rab8 19. Nd4 Nxd4 20. Bxd4 Nd7
21. Bxg7 Kxg7 22. cxb5 axb5 23. Rdc1 b4 24. Rc2 f5 25. exf5 gxf5 26. Re1 Ne5
27. Kf2 h5 28. Rxc8 Rxc8 29. f4 Nd7 30. Bc4 Bxc4 31. bxc4 e6 32. Rb1 Nc5 33.
Ke2 Ra8 34. Rb2 Ne4 35. Nc2 Rxa2 36. Rxa2 Nc3+ 37. Kd2 Nxa2 38. Nd4 Kf6 39. Kc2
e5 40. Nb5 e4 41. Kb3 e3 42. Nd4 Nc1+ 43. Kc2 e2 44. Nf3 Na2 45. Kb3 Nc3 46.
Kxb4 Ne4 47. Ne1 Kg6 48. h4 Kf6 49. Kb3 Ke6 50. Kc2 Kd7 51. Kd3 Nxg3 52. Ke3
Kc6 53. Kf3 Ne4 54. Kxe2 Kc5 55. Kd3 Nf2+ 56. Ke3 Nd1+ 57. Kd2 Nb2 58. Kc3 Nxc4
59. Nd3+ Kb5 60. Kd4 Nb6 61. Ne5 Nc8 62. Kd5 dxe5 63. Kxe5 Kc5 64. Kxf5 Kd5 65.
Kg5 Ke6 66. Kxh5 Kf5 67. Kh6 Kf6 68. Kh5 Kf5 69. Kh6 Kf6 1/2-1/2

[Event "LXIII C.to Italiano"]
[Site "Arvier ITA"]
[Date "2003.11.28"]
[Round "4"]
[White "Cocozza, Mario"]
[Black "Sarno, Spartaco"]
[Result "1/2-1/2"]
[WhiteElo "2356"]
[BlackElo "2404"]
[PlyCount "119"]
[EventDate "2003.11.25"]

1. e4 d6 2. d4 Nf6 3. Nc3 g6 4. Nf3 Bg7 5. Be2 O-O 6. O-O c6 7. a4 a5 8. h3 Na6
9. Be3 Nb4 10. Nd2 Nd7 11. f4 f5 12. Bc4+ Kh8 13. exf5 gxf5 14. Ne2 Nf6 15. Ng3
Qe8 16. Kh2 Bd7 17. Bg1 Bh6 18. Ra3 Nbd5 19. Raf3 Rg8 20. Kh1 Qg6 21. Bh2 Rg7
22. Qe2 Rag8 23. R1f2 b6 24. c3 Qe8 25. Ngf1 e6 26. Bd3 Qc8 27. Ne3 Qc7 28.
Nxd5 cxd5 29. Re3 Ne4 30. Nxe4 dxe4 31. Bc4 d5 32. Bb3 Rb8 33. Qh5 Rg6 34. g4
b5 35. gxf5 exf5 36. Bxd5 bxa4 37. Bf7 Rf6 38. Bg3 Bc6 39. Ba2 Bg7 40. Rg2 Rh6
41. Qxf5 Qd7 42. Qxd7 Bxd7 43. h4 Bg4 44. Kg1 Bf3 45. f5 Rf8 46. Be6 Rhf6 47.
Bd6 Bh6 48. Rg5 Bxg5 49. hxg5 Rxf5 50. Bxf8 Rxf8 51. c4 Rb8 52. c5 Rxb2 53. Rc3
Kg7 54. Bd5 Rd2 55. c6 Rxd4 56. c7 Bg4 57. Bb7 Kg6 58. Kf2 Kxg5 59. Rg3 Rd2+
60. Kg1 1/2-1/2

[Event "LXIII C.to Italiano"]
[Site "Arvier ITA"]
[Date "2003.11.28"]
[Round "4"]
[White "Di Paolo, Raffaele"]
[Black "Braschi, Giancarlo"]
[Result "1-0"]
[WhiteElo "2325"]
[BlackElo "2138"]
[PlyCount "69"]
[EventDate "2003.11.25"]

1. e4 c5 2. Nf3 Nc6 3. Bb5 Qb6 4. Nc3 e6 5. Bxc6 Qxc6 6. d4 cxd4 7. Nxd4 Qc7 8.
O-O a6 9. a4 Be7 10. Qf3 Nf6 11. Re1 Qe5 12. Nb3 d6 13. Be3 Bd7 14. Rad1 g5 15.
Bd4 Qf4 16. Qxf4 gxf4 17. e5 dxe5 18. Bxe5 Rg8 19. Bxf4 Bb4 20. Ne4 Nxe4 21.
Rxe4 a5 22. g3 Bxa4 23. Ra1 Bxb3 24. cxb3 Ke7 25. Rc4 Rac8 26. Bc7 Ra8 27. Rh4
Rh8 28. Kg2 Ra6 29. Rh5 b6 30. Rb5 Rc8 31. Bxb6 Rca8 32. Bd4 Rd6 33. Rb7+ Rd7
34. Rxb4 axb4 35. Bc5+ 1-0

[Event "LXIII C.to Italiano"]
[Site "Arvier ITA"]
[Date "2003.11.29"]
[Round "5"]
[White "Braschi, Giancarlo"]
[Black "Cacco, Christian"]
[Result "1/2-1/2"]
[WhiteElo "2138"]
[BlackElo "2340"]
[PlyCount "65"]
[EventDate "2003.11.25"]

1. d4 c5 2. d5 e6 3. c4 exd5 4. cxd5 d6 5. Nc3 g6 6. e4 Bg7 7. Nf3 a6 8. a4 Nf6
9. h3 O-O 10. Bd3 Re8 11. O-O Nbd7 12. Bf4 c4 13. Bc2 Qb6 14. Rb1 Ne5 15. Nxe5
dxe5 16. Be3 Qa5 17. b4 cxb3 18. Rxb3 Nd7 19. d6 Re6 20. Nd5 Bf8 21. Bd2 Qd8
22. Ne7+ Bxe7 23. dxe7 Qxe7 24. Bb4 Qd8 25. Rd3 Qb6 26. Qd2 a5 27. Ba3 Re8 28.
Rb1 Qc7 29. Rc3 Qd8 30. Bb3 Nf8 31. Rd3 Qh4 32. Bxf8 Rxf8 33. Bd5 1/2-1/2

[Event "LXIII C.to Italiano"]
[Site "Arvier ITA"]
[Date "2003.11.29"]
[Round "5"]
[White "Castaldo, Folco"]
[Black "Cocozza, Mario"]
[Result "1/2-1/2"]
[WhiteElo "2336"]
[BlackElo "2356"]
[PlyCount "42"]
[EventDate "2003.11.25"]

1. Nf3 Nf6 2. c4 g6 3. Nc3 Bg7 4. e4 d6 5. d4 O-O 6. Be2 e5 7. d5 Nbd7 8. Bg5
h6 9. Bh4 a5 10. Nd2 Nc5 11. O-O c6 12. Rb1 Bd7 13. Re1 Qb6 14. b3 Rae8 15. a3
g5 16. Bg3 cxd5 17. cxd5 Nfxe4 18. Ncxe4 Nxe4 19. Nxe4 f5 20. Bd3 f4 21. Qe2
Bf5 1/2-1/2

[Event "LXIII C.to Italiano"]
[Site "Arvier ITA"]
[Date "2003.11.29"]
[Round "5"]
[White "Contin, Daniel"]
[Black "Aldrovandi, Costantino"]
[Result "1-0"]
[WhiteElo "2377"]
[BlackElo "2414"]
[PlyCount "65"]
[EventDate "2003.11.25"]

1. c4 Nf6 2. Nc3 g6 3. g3 Bg7 4. Bg2 O-O 5. d3 d6 6. Rb1 c6 7. e4 c5 8. a3 a5
9. Nge2 Nc6 10. h3 h6 11. Be3 Nd7 12. Qd2 Kh7 13. Nb5 a4 14. g4 Qa5 15. f4
Qxd2+ 16. Kxd2 Na5 17. Kc2 Nb3 18. Rbf1 Nb8 19. Nec3 Nd4+ 20. Bxd4 cxd4 21. Nd5
Nc6 22. f5 Be5 23. h4 Bd7 24. Nb6 Rad8 25. g5 Kg7 26. Bh3 Nb8 27. Nc7 hxg5 28.
hxg5 Rh8 29. f6+ exf6 30. gxf6+ Kg8 31. Bxd7 Rxh1 32. Rxh1 Rxd7 33. Ncd5 1-0

[Event "LXIII C.to Italiano"]
[Site "Arvier ITA"]
[Date "2003.11.29"]
[Round "5"]
[White "Mola, Pietro"]
[Black "Di Paolo, Raffaele"]
[Result "1/2-1/2"]
[WhiteElo "2317"]
[BlackElo "2325"]
[PlyCount "96"]
[EventDate "2003.11.25"]

1. e4 e6 2. Nf3 d5 3. e5 c5 4. b4 b6 5. a3 Ne7 6. d4 Nf5 7. c3 cxd4 8. cxd4 Bd7
9. Bd3 Nc6 10. Be3 Be7 11. Nc3 Nxe3 12. fxe3 f5 13. exf6 Bxf6 14. O-O O-O 15.
Qc2 h6 16. Rac1 a6 17. Qe2 b5 18. Bb1 Qe7 19. Qd3 g5 20. e4 Qg7 21. exd5 Nxd4
22. Nd2 Nf5 23. Kh1 Bd4 24. Ne2 e5 25. Rc7 Ne3 26. Rf3 Rxf3 27. Nxf3 Ng4 28.
Qh7+ Qxh7 29. Bxh7+ Kxh7 30. Rxd7+ Kg6 31. Nexd4 exd4 32. Nxd4 a5 33. Rd6+ Nf6
34. h3 axb4 35. axb4 Ra1+ 36. Kh2 Rd1 37. Nxb5 Rxd5 38. Rb6 g4 39. Nc7 Rd3 40.
hxg4 Kf7 41. g3 Nxg4+ 42. Kh3 Nf2+ 43. Kh4 Rd1 44. g4 Rd3 45. Rxh6 Rh3+ 46. Kg5
Ne4+ 47. Kf4 Rxh6 48. Kxe4 Rc6 1/2-1/2

[Event "LXIII C.to Italiano"]
[Site "Arvier ITA"]
[Date "2003.11.30"]
[Round "6"]
[White "Braschi, Giancarlo"]
[Black "Mola, Pietro"]
[Result "0-1"]
[WhiteElo "2138"]
[BlackElo "2317"]
[PlyCount "112"]
[EventDate "2003.11.25"]

1. d4 Nf6 2. c4 e6 3. Nc3 Bb4 4. e3 c5 5. Bd3 Nc6 6. Nge2 cxd4 7. exd4 d5 8.
cxd5 Nxd5 9. O-O O-O 10. Bc2 Nf6 11. Qd3 Be7 12. a3 b6 13. Bg5 g6 14. Rad1 Bb7
15. Bb3 Rc8 16. Rfe1 Re8 17. Nf4 Nd5 18. Bxd5 exd5 19. Bxe7 Nxe7 20. Re5 Qd7
21. b3 f6 22. Re2 Nf5 23. Rxe8+ Rxe8 24. Qf3 Kg7 25. Qg4 Qd6 26. h4 Bc8 27. Nb5
Qd7 28. Nc3 Qd6 29. Nfxd5 Ne3 30. Qe2 Bg4 31. f3 Nxd1 32. Qxe8 Bxf3 33. Qe7+
Qxe7 34. Nxe7 Nxc3 35. gxf3 Ne2+ 36. Kf2 Nxd4 37. Nc8 Nc6 38. b4 b5 39. Nd6 a6
40. Ke3 f5 41. Ne8+ Kh6 42. Nf6 Ne5 43. Kf4 Nc4 44. Nd5 Nxa3 45. Nc7 Kh5 46.
Kg3 f4+ 47. Kxf4 Kxh4 48. Nxa6 h5 49. Nc5 g5+ 50. Ke4 Nc2 51. Nd3 Kg3 52. f4
gxf4 53. Nxf4 h4 54. Nh5+ Kf2 55. Nf4 Nxb4 56. Kd4 Na6 0-1

[Event "LXIII C.to Italiano"]
[Site "Arvier ITA"]
[Date "2003.11.30"]
[Round "6"]
[White "Cacco, Christian"]
[Black "Aldrovandi, Costantino"]
[Result "1/2-1/2"]
[WhiteElo "2340"]
[BlackElo "2414"]
[PlyCount "75"]
[EventDate "2003.11.25"]

1. d4 a5 2. Nf3 g6 3. e4 d6 4. Nc3 c6 5. a4 Bg7 6. h3 Nf6 7. Be2 Na6 8. O-O O-O
9. Be3 h6 10. Qd2 Kh7 11. Rad1 Nb4 12. Qc1 Bd7 13. Nh2 Qb8 14. g4 d5 15. Bf4
Qa7 16. Bf3 Nxe4 17. Nxe4 dxe4 18. Bxe4 Nd5 19. Be5 f6 20. Bg3 f5 21. gxf5 Bxf5
22. Bg2 Bxd4 23. Ng4 Bg7 24. Rfe1 Rae8 25. Bxd5 cxd5 26. Rxd5 h5 27. Ne5 Qa8
28. Qd2 Qc8 29. Kh2 Qxc2 30. Qxc2 Bxc2 31. Rxa5 Ra8 32. Rb5 Rxa4 33. b4 Ra7 34.
Nd7 Rf7 35. Nc5 Bd4 36. Ne6 Bf6 37. Bf4 Bf5 38. Ng5+ 1/2-1/2

[Event "LXIII C.to Italiano"]
[Site "Arvier ITA"]
[Date "2003.11.30"]
[Round "6"]
[White "Cocozza, Mario"]
[Black "Contin, Daniel"]
[Result "1-0"]
[WhiteElo "2356"]
[BlackElo "2377"]
[PlyCount "119"]
[EventDate "2003.11.25"]

1. e4 e6 2. d4 d5 3. Nd2 c5 4. exd5 exd5 5. Bb5+ Bd7 6. Qe2+ Be7 7. dxc5 Nf6 8.
Nb3 O-O 9. Be3 Re8 10. O-O-O a6 11. Bxd7 Nbxd7 12. Nf3 a5 13. a4 Nxc5 14. Qb5
Nce4 15. Bb6 Qc8 16. Nxa5 Nd6 17. Qb3 Ra6 18. Ne5 Qe6 19. Rhe1 Nde4 20. Bc7 Nc5
21. Qb5 Qc8 22. Bb6 Qa8 23. Nb3 Nxa4 24. Bd4 Rd8 25. f3 Bd6 26. g4 h6 27. h4
Bxe5 28. Rxe5 Qc8 29. Re7 Qc4 30. Rxb7 Ne8 31. Rb8 Qxb5 32. Rxb5 Nc7 33. Rb7
Ne6 34. Ra7 Rxa7 35. Bxa7 Rd7 36. Be3 Kf8 37. c3 Rb7 38. Kc2 Rb5 39. Ra1 Nb6
40. Ra5 Rxa5 41. Nxa5 Nc4 42. Nxc4 dxc4 43. b3 cxb3+ 44. Kxb3 Ke7 45. h5 Kd6
46. c4 Ke5 47. Kb4 f5 48. gxf5 Kxf5 49. c5 g5 50. hxg6 h5 51. c6 Kxg6 52. Kc4
Kf5 53. Bb6 Kf4 54. Kd5 Ng7 55. c7 Nf5 56. Bc5 h4 57. c8=Q h3 58. Bd6+ Nxd6 59.
Qg4+ Ke3 60. Kxd6 1-0

[Event "LXIII C.to Italiano"]
[Site "Arvier ITA"]
[Date "2003.11.30"]
[Round "6"]
[White "Di Paolo, Raffaele"]
[Black "Sarno, Spartaco"]
[Result "1/2-1/2"]
[WhiteElo "2325"]
[BlackElo "2404"]
[PlyCount "85"]
[EventDate "2003.11.25"]

1. e4 c6 2. d4 d5 3. Nc3 dxe4 4. Nxe4 Nd7 5. Bd3 Ndf6 6. Nf3 Nxe4 7. Bxe4 Nf6
8. Bd3 Bg4 9. c3 e6 10. Bf4 Bd6 11. Bg3 O-O 12. Qe2 c5 13. dxc5 Bxc5 14. Rd1
Qb6 15. O-O Rfd8 16. Bh4 Be7 17. Rd2 Qa5 18. h3 Bh5 19. Rfd1 Qxa2 20. Bxf6 Bxf6
21. Qe4 Bxf3 22. Qxh7+ Kf8 23. gxf3 Qa5 24. f4 g6 25. Bxg6 Qc7 26. Bh5 Rxd2 27.
Rxd2 Rd8 28. Rxd8+ Bxd8 29. f5 exf5 30. Qxf5 Qe7 31. Qd5 Bb6 32. Kf1 Qf6 33.
Qf3 Qe6 34. Kg2 Qe7 35. Qf5 Kg7 36. Bf3 Bd8 37. Qg4+ Kf8 38. Qd4 Qg5+ 39. Bg4
b6 40. f4 Qh4 41. b4 Bf6 42. Qe3 Qh7 43. f5 1/2-1/2

[Event "LXIII C.to Italiano"]
[Site "Arvier ITA"]
[Date "2003.11.30"]
[Round "6"]
[White "Rossi, Carlo"]
[Black "Castaldo, Folco"]
[Result "1/2-1/2"]
[WhiteElo "2355"]
[BlackElo "2336"]
[PlyCount "158"]
[EventDate "2003.11.25"]

1. d4 d5 2. Bg5 h6 3. Bh4 c6 4. e4 dxe4 5. Bc4 Nf6 6. Nc3 Bf5 7. Qd2 Nbd7 8.
Nge2 e6 9. h3 Be7 10. Bb3 Nd5 11. Bxe7 Qxe7 12. Ng3 Nxc3 13. Qxc3 Bg6 14. O-O
O-O 15. Rfe1 Nf6 16. Qa5 Rfd8 17. c3 Qd6 18. Rac1 b6 19. Qa4 a5 20. Qc4 b5 21.
Qe2 e5 22. Rcd1 exd4 23. Rxd4 Qe5 24. Red1 Rxd4 25. Rxd4 a4 26. Bc2 Re8 27. Nf1
Nd5 28. Ne3 Nf4 29. Qd2 Nd3 30. b3 axb3 31. Bxb3 c5 32. Rd5 Qf4 33. g3 Qc7 34.
h4 Re5 35. c4 b4 36. Bd1 Rxd5 37. cxd5 Qe5 38. Kg2 f5 39. Bb3 Kh7 40. Kh2 f4
41. Ng2 fxg3+ 42. fxg3 Qd4 43. Qd1 c4 44. h5 Bf7 45. Qg4 Qxd5 46. Ne3 Qxh5+ 47.
Qxh5 Bxh5 48. Bxc4 Bf3 49. g4 Ne5 50. Be6 Kg6 51. Kg3 Kg5 52. Nc2 Bxg4 53. Bxg4
Nxg4 54. Nxb4 h5 55. a4 h4+ 56. Kh3 Nf2+ 57. Kh2 Nd3 58. Nd5 Nc5 59. a5 Kg4 60.
Kg2 h3+ 61. Kh2 g5 62. Nc3 Kf3 63. Kxh3 g4+ 64. Kh2 e3 65. Kg1 g3 66. Kf1 Na4
67. Ne2 g2+ 68. Ke1 Nc5 69. Ng1+ Ke4 70. Ke2 Nb3 71. a6 Nd4+ 72. Kd1 Nc6 73.
Ke2 Nd4+ 74. Kd1 Nb5 75. Ke2 Nc3+ 76. Ke1 Nb5 77. Ke2 Na7 78. Nh3 Nc8 79. Ng1
Na7 1/2-1/2

[Event "LXIII C.to Italiano"]
[Site "Arvier ITA"]
[Date "2003.12.01"]
[Round "7"]
[White "Aldrovandi, Costantino"]
[Black "Cocozza, Mario"]
[Result "0-1"]
[WhiteElo "2414"]
[BlackElo "2356"]
[PlyCount "74"]
[EventDate "2003.11.25"]

1. f3 e5 2. Kf2 f5 3. e3 Nc6 4. c3 f4 5. g3 d5 6. exf4 exf4 7. d4 Bd6 8. Kg2
Nge7 9. Bd3 Bf5 10. Ne2 fxg3 11. hxg3 Qd7 12. b3 O-O-O 13. Na3 g5 14. Nb5 Rhg8
15. g4 Bf4 16. gxf5 Nxf5 17. Bxf5 Qxf5 18. Ng3 Bxg3 19. Kxg3 g4 20. f4 h5 21.
Be3 Rde8 22. Qd2 Ne7 23. Rae1 Qe4 24. Qg2 Nf5+ 25. Kh2 g3+ 26. Kg1 Qxg2+ 27.
Kxg2 Rxe3 28. Rxe3 Nxe3+ 29. Kf3 g2 30. Rg1 Nc2 31. Kf2 a6 32. Na7+ Kb8 33. f5
h4 34. f6 h3 35. f7 Rf8 36. Kg3 Rxf7 37. Kxh3 Ne3 0-1